LDR 00855naa#a2200217#i#450# 001 EN\\bibl\119896 005 20260606212048.6 011 ## _a2500-4026 100 ## _a20190331b2019####ek#y0engy0150####ca 101 0# _aRUS 102 ## _aRU 200 1# _aTHE FORMATION AND DEVELOPMENT OF THE DISCIPLINE "PHYSICAL TRAINING" IN THE PROFESSIONAL EDUCATION OF CADETS OF THE FIREFIGHTING AND RESCUE INDUSTRY _eJournal article 210 1# _aZheleznogorsk _cFSBEE HE Siberian Fire and Rescue Academy EMERCOM of Russia _d2019 215 ## _a5 с. 608 ## _aJournal article _2local 675 ## _aфизической культуре. 372.879.6 _aФилософия духа. Метафизика духовной жизни. 13 _zRUS 700 #1 _aMakarov _gA V 700 #1 _aPonomarev _gV V 700 #1 _aUkolov _gA V 700 #1 _aZHernakov _gD V 856 4# _avestnik-sibpsa.editorum.ru _u